|
|
|
|
| LEADER |
00965cam a2200265 a 4500 |
| 001 |
c000383817 |
| 003 |
CARM |
| 005 |
00000000000000.0 |
| 008 |
900916s1968 enk u000 eng d |
| 019 |
1 |
|
|a 2337424
|z 4194032
|z 21511821
|z 26343233
|z 53544741
|5 LACONCORD2021
|
| 020 |
|
|
|a 0714505269
|
| 020 |
|
|
|a 0714510432 (Marion Boyars)
|
| 035 |
|
|
|a (OCoLC)8045453
|5 LACONCORD2021
|
| 040 |
|
|
|a Y
|b eng
|
| 082 |
0 |
4 |
|a 780.1
|
| 100 |
1 |
|
|a Cage, John.
|
| 245 |
1 |
0 |
|a Silence :
|b lectures and writings /
|c by John Cage.
|
| 260 |
|
|
|a London :
|b Calder and Boyars,
|c 1968.
|
| 300 |
|
|
|a xi, 276p. ;
|c 24cm.
|
| 500 |
|
|
|a Republished London : Marion Boyars, 1978. Reprinted 1995.
|
| 600 |
1 |
0 |
|a Cage, John
|x Written works.
|
| 650 |
|
0 |
|a Music.
|
| 852 |
8 |
|
|b CARM
|h A3:AI18C0
|i F07856
|p 0481438
|f BK
|
| 999 |
f |
f |
|i 87f27e05-4e9d-59ad-8d50-d84e47b9cbf2
|s 429aa62e-85c2-5b09-987b-d36231b4581b
|
| 952 |
f |
f |
|p Can circulate
|a CAVAL
|b CAVAL
|c CAVAL
|d CARM 1 Store
|e F07856
|f A3:AI18C0
|h Other scheme
|i book
|m 0481438
|